00499 2200169 4500001002100000008004100021035002000062245008100082100003200163260002800195300002100223020002200244084001600266082001000282650002300292990001400315INLIS000000000000165 ind  a0010-0525000146 aKIMIA SMA/MAcM. Abdulkadir Martoprawiro; Mustafal Bakri; Tine Maria Kuswati aMartoprawiro, M. Abdulkadir aJakarta :bBumi Aksara, a404 hlm.c27 cm. a978-623-328-908-5 a540.7 MAR k a540.7 aPendidikan - Kimia a000000175